00606nam a2200217Ia 4500008004100000020001700041050001000058050001400068245003400082245001900116245004700135260001900182260004200201260000900243300002500252300001200277300001100289440004000300500003600340650001200376160319s9999 xx 000 0 und d a978971542357 a398.2 bP552 2002 aPhilippine folk literature :  bthe legends /  ccompiled and edited by Damiana L. Eugenio. aQuezon City :  bUniversity of the Philippines Press,  c2001 axlviii, 490 pages :  bmaps ;  c23 cm. aPhilippine folk literature series ; aIncludes bibliography and index aLegends